Are You Smarter Than a College Student? VI Quiz Stats

Quiz Updated Nov 17, 2017

Challenge
Share
Tweet
Embed
Score 0/30 Timer 07:00
5 Plays Today
Question Answer % Correct
EasyThe Simpsons
97.7%
EasyAmerican Football
96.4%
Easycricket
95.1%
Easygold
94.4%
EasyKaty Perry
93.4%
EasyNile
93%
EasyItaly
91.8%
EasyDragon
90.1%
EasyLeonardo da Vinci
87.4%
Easy26 miles
87.1%
Mediumkarate
84.2%
Mediumnitrogen
82%
Mediumdogs
81.7%
MediumGeneral Motors
79.4%
MediumPuerto Rico
78%
Question Answer % Correct
MediumAlfred Hitchcock
73%
MediumMediterranean Sea
71.6%
MediumReturn of the King
67%
MediumMary and Percy Bysshe Shelley
65.3%
MediumVictoria
64.9%
HardForce
60.6%
HardBenjamin Spock
58.3%
HardProfessor Charles Xavier
55.9%
HardD-A-C-H-S-H-U-N-D
53.3%
HardJupiter
52.1%
HardMariah Carey
51.2%
HardIsrael
40.1%
HardPyrenees
38.1%
HardNetherlands
31.5%
HardInterjections
27.9%

You're not logged in!

Compare scores with friends on all Sporcle quizzes.
Sign Up with Email
OR
Log In

Show Comments

Extras

Top Quizzes Today


Score Distribution

Your Account Isn't Verified!

In order to create a playlist on Sporcle, you need to verify the email address you used during registration. Go to your Sporcle Settings to finish the process.